<?xml version="1.0" encoding="UTF-8"?>
<record
    xmlns:xsi="http://www.w3.org/2001/XMLSchema-instance"
    xsi:schemaLocation="http://www.loc.gov/MARC21/slim http://www.loc.gov/standards/marcxml/schema/MARC21slim.xsd"
    xmlns="http://www.loc.gov/MARC21/slim">

  <leader>00408nam a22001577a 4500</leader>
  <controlfield tag="005">20241107153905.0</controlfield>
  <controlfield tag="008">241107b        |||||||| |||| 00| 0 eng d</controlfield>
  <datafield tag="020" ind1=" " ind2=" ">
    <subfield code="a">978-93-6109-302-9</subfield>
  </datafield>
  <datafield tag="041" ind1=" " ind2=" ">
    <subfield code="a">eng</subfield>
  </datafield>
  <datafield tag="100" ind1=" " ind2=" ">
    <subfield code="a">Dixit, P. G. </subfield>
    <subfield code="9">209039</subfield>
  </datafield>
  <datafield tag="245" ind1=" " ind2=" ">
    <subfield code="a">Statistical Methods for Computer Science - I ( F. Y. B. Sc. Comp.)</subfield>
  </datafield>
  <datafield tag="250" ind1=" " ind2=" ">
    <subfield code="a">1st ed.</subfield>
  </datafield>
  <datafield tag="260" ind1=" " ind2=" ">
    <subfield code="a">Pune</subfield>
    <subfield code="b">Nirali</subfield>
  </datafield>
  <datafield tag="300" ind1=" " ind2=" ">
    <subfield code="a">1.150</subfield>
  </datafield>
  <datafield tag="942" ind1=" " ind2=" ">
    <subfield code="c">BK</subfield>
  </datafield>
  <datafield tag="999" ind1=" " ind2=" ">
    <subfield code="c">362139</subfield>
    <subfield code="d">362139</subfield>
  </datafield>
  <datafield tag="952" ind1=" " ind2=" ">
    <subfield code="0">0</subfield>
    <subfield code="1">0</subfield>
    <subfield code="2">ddc</subfield>
    <subfield code="4">0</subfield>
    <subfield code="7">0</subfield>
    <subfield code="a">SSMM</subfield>
    <subfield code="b">SSMM</subfield>
    <subfield code="d">2024-11-07</subfield>
    <subfield code="e">Nirali</subfield>
    <subfield code="g">200.00</subfield>
    <subfield code="i">P 66572</subfield>
    <subfield code="l">2</subfield>
    <subfield code="p">SSMM-BK-31941</subfield>
    <subfield code="r">2025-08-21 00:00:00</subfield>
    <subfield code="s">2025-08-12</subfield>
    <subfield code="w">2024-11-07</subfield>
    <subfield code="y">BK</subfield>
    <subfield code="z">010031941</subfield>
  </datafield>
  <datafield tag="952" ind1=" " ind2=" ">
    <subfield code="0">0</subfield>
    <subfield code="1">0</subfield>
    <subfield code="2">ddc</subfield>
    <subfield code="4">0</subfield>
    <subfield code="7">0</subfield>
    <subfield code="a">SSMM</subfield>
    <subfield code="b">SSMM</subfield>
    <subfield code="d">2024-11-07</subfield>
    <subfield code="e">Nirali</subfield>
    <subfield code="g">200.00</subfield>
    <subfield code="i">P 66572</subfield>
    <subfield code="l">2</subfield>
    <subfield code="p">SSMM-BK-31942</subfield>
    <subfield code="r">2025-10-06 14:23:18</subfield>
    <subfield code="s">2025-10-04</subfield>
    <subfield code="w">2024-11-07</subfield>
    <subfield code="y">BK</subfield>
    <subfield code="z">010031942</subfield>
  </datafield>
  <datafield tag="952" ind1=" " ind2=" ">
    <subfield code="0">0</subfield>
    <subfield code="1">0</subfield>
    <subfield code="2">ddc</subfield>
    <subfield code="4">0</subfield>
    <subfield code="7">0</subfield>
    <subfield code="a">SSMM</subfield>
    <subfield code="b">SSMM</subfield>
    <subfield code="d">2024-11-07</subfield>
    <subfield code="e">Nirali</subfield>
    <subfield code="g">200.00</subfield>
    <subfield code="i">P 66572</subfield>
    <subfield code="l">2</subfield>
    <subfield code="p">SSMM-BK-31943</subfield>
    <subfield code="r">2025-10-09 15:09:50</subfield>
    <subfield code="s">2025-10-03</subfield>
    <subfield code="w">2024-11-07</subfield>
    <subfield code="y">BK</subfield>
    <subfield code="z">010031943</subfield>
  </datafield>
  <datafield tag="952" ind1=" " ind2=" ">
    <subfield code="0">0</subfield>
    <subfield code="1">0</subfield>
    <subfield code="2">ddc</subfield>
    <subfield code="4">0</subfield>
    <subfield code="7">0</subfield>
    <subfield code="a">SSMM</subfield>
    <subfield code="b">SSMM</subfield>
    <subfield code="d">2024-11-07</subfield>
    <subfield code="e">Nirali</subfield>
    <subfield code="g">200.00</subfield>
    <subfield code="i">P 66572</subfield>
    <subfield code="l">1</subfield>
    <subfield code="p">SSMM-BK-31944</subfield>
    <subfield code="r">2025-09-23 15:00:00</subfield>
    <subfield code="s">2025-09-20</subfield>
    <subfield code="w">2024-11-07</subfield>
    <subfield code="y">BK</subfield>
    <subfield code="z">010031944</subfield>
  </datafield>
  <datafield tag="952" ind1=" " ind2=" ">
    <subfield code="0">0</subfield>
    <subfield code="1">0</subfield>
    <subfield code="2">ddc</subfield>
    <subfield code="4">0</subfield>
    <subfield code="7">0</subfield>
    <subfield code="a">SSMM</subfield>
    <subfield code="b">SSMM</subfield>
    <subfield code="d">2024-11-07</subfield>
    <subfield code="e">Nirali</subfield>
    <subfield code="g">200.00</subfield>
    <subfield code="i">P 66572</subfield>
    <subfield code="l">1</subfield>
    <subfield code="p">SSMM-BK-31945</subfield>
    <subfield code="r">2025-10-14 14:55:41</subfield>
    <subfield code="s">2025-10-07</subfield>
    <subfield code="w">2024-11-07</subfield>
    <subfield code="y">BK</subfield>
    <subfield code="z">010031945</subfield>
  </datafield>
  <datafield tag="952" ind1=" " ind2=" ">
    <subfield code="0">0</subfield>
    <subfield code="1">0</subfield>
    <subfield code="2">ddc</subfield>
    <subfield code="4">0</subfield>
    <subfield code="7">0</subfield>
    <subfield code="a">SSMM</subfield>
    <subfield code="b">SSMM</subfield>
    <subfield code="d">2024-11-07</subfield>
    <subfield code="e">Nirali</subfield>
    <subfield code="g">200.00</subfield>
    <subfield code="i">P 66572</subfield>
    <subfield code="l">1</subfield>
    <subfield code="p">SSMM-BK-31946</subfield>
    <subfield code="r">2024-12-02 00:00:00</subfield>
    <subfield code="s">2024-11-21</subfield>
    <subfield code="w">2024-11-07</subfield>
    <subfield code="y">BK</subfield>
    <subfield code="z">010031946</subfield>
  </datafield>
  <datafield tag="952" ind1=" " ind2=" ">
    <subfield code="0">0</subfield>
    <subfield code="1">0</subfield>
    <subfield code="2">ddc</subfield>
    <subfield code="4">0</subfield>
    <subfield code="7">0</subfield>
    <subfield code="a">SSMM</subfield>
    <subfield code="b">SSMM</subfield>
    <subfield code="d">2024-11-07</subfield>
    <subfield code="e">Nirali</subfield>
    <subfield code="g">200.00</subfield>
    <subfield code="i">P 66572</subfield>
    <subfield code="l">1</subfield>
    <subfield code="p">SSMM-BK-31947</subfield>
    <subfield code="r">2024-11-28 00:00:00</subfield>
    <subfield code="s">2024-11-21</subfield>
    <subfield code="w">2024-11-07</subfield>
    <subfield code="y">BK</subfield>
    <subfield code="z">010031947</subfield>
  </datafield>
  <datafield tag="952" ind1=" " ind2=" ">
    <subfield code="0">0</subfield>
    <subfield code="1">0</subfield>
    <subfield code="2">ddc</subfield>
    <subfield code="4">0</subfield>
    <subfield code="7">0</subfield>
    <subfield code="a">SSMM</subfield>
    <subfield code="b">SSMM</subfield>
    <subfield code="d">2024-11-07</subfield>
    <subfield code="e">Nirali</subfield>
    <subfield code="g">200.00</subfield>
    <subfield code="i">P 66572</subfield>
    <subfield code="l">5</subfield>
    <subfield code="p">SSMM-BK-31948</subfield>
    <subfield code="q">2026-04-09</subfield>
    <subfield code="r">2026-04-02 09:25:05</subfield>
    <subfield code="s">2026-04-02</subfield>
    <subfield code="w">2024-11-07</subfield>
    <subfield code="y">BK</subfield>
    <subfield code="z">010031948</subfield>
  </datafield>
  <datafield tag="952" ind1=" " ind2=" ">
    <subfield code="0">0</subfield>
    <subfield code="1">0</subfield>
    <subfield code="2">ddc</subfield>
    <subfield code="4">0</subfield>
    <subfield code="7">0</subfield>
    <subfield code="a">SSMM</subfield>
    <subfield code="b">SSMM</subfield>
    <subfield code="d">2024-11-07</subfield>
    <subfield code="e">Nirali</subfield>
    <subfield code="g">200.00</subfield>
    <subfield code="i">P 66572</subfield>
    <subfield code="l">1</subfield>
    <subfield code="p">SSMM-BK-31949</subfield>
    <subfield code="r">2025-09-04 00:00:00</subfield>
    <subfield code="s">2025-08-28</subfield>
    <subfield code="w">2024-11-07</subfield>
    <subfield code="y">BK</subfield>
    <subfield code="z">010031949</subfield>
  </datafield>
  <datafield tag="952" ind1=" " ind2=" ">
    <subfield code="0">0</subfield>
    <subfield code="1">0</subfield>
    <subfield code="2">ddc</subfield>
    <subfield code="4">0</subfield>
    <subfield code="7">0</subfield>
    <subfield code="a">SSMM</subfield>
    <subfield code="b">SSMM</subfield>
    <subfield code="d">2024-11-07</subfield>
    <subfield code="e">Nirali</subfield>
    <subfield code="g">200.00</subfield>
    <subfield code="i">P 66572</subfield>
    <subfield code="l">3</subfield>
    <subfield code="p">SSMM-BK-31950</subfield>
    <subfield code="r">2026-03-30 12:05:19</subfield>
    <subfield code="s">2026-03-27</subfield>
    <subfield code="w">2024-11-07</subfield>
    <subfield code="y">BK</subfield>
    <subfield code="z">010031950</subfield>
  </datafield>
</record>
